UBT Library

Dyert e Heshtjes (Record no. 60898)

000 -LEADER
fixed length control field 00264nam a22001217a 4500
008 - FIXED-LENGTH DATA ELEMENTS--GENERAL INFORMATION
fixed length control field 260313b ||||| |||| 00| 0 eng d
041 ## - LANGUAGE CODE
Language code of text/sound track or separate title shqip
080 ## - UNIVERSAL DECIMAL CLASSIFICATION NUMBER
Universal Decimal Classification number 22.2
100 ## - Rafti
Rafti 20.1
101 ## - Shkurtesa
Shkurtesa roman
245 ## - TITLE STATEMENT
Title Dyert e Heshtjes
Statement of responsibility, etc Eqrem Basha
942 ## - ADDED ENTRY ELEMENTS (KOHA)
Source of classification or shelving scheme
Item type Books
Holdings
Withdrawn status Lost status Source of classification or shelving scheme Damaged status Not for loan Collection code Permanent location Current location Date acquired Total Checkouts Barcode Date last seen Price effective from Koha item type
          Koleksioni i përgjithshem UBT - Lipjan UBT - Lipjan 03/13/2026   003-800070999190 03/13/2026 03/13/2026 Books
UBT Library © 2015-2024. All rights reserved University Education for Business and Technology